000 00552nam a2200181 i 4500
001 72746
003 ES-MaACL
005 20230906171537.0
007 t|
008 040902s1924 mx ||||1| spa d
100 1 _aGoethe, Johann Wolfgang von,
_d1749-1832
_957568
245 1 0 _aFausto /
_cJuan Wofgang Goethe ; traducido por J. Roviralta Borrell.
260 _aMéxico :
_bUniversidad Nacional,
_c1924.
300 _a502 p. ;
_c19 cm.
700 1 _aRoviralta Borrell, José.
_9100164
852 _aES-MaACL
_jA-1083
999 _c72746
_d72746